Statistics for G20 leaders (as of January 2016)

Click here to take the quiz!

General Stats

  • This quiz has been taken 51 times
  • The average score is 12 of 20

Answer Stats

HintAnswer% Correct
GermanyAngela Merkel
97%
United States of AmericaBarack Obama
97%
RussiaVladimir Putin
97%
United KindomDavid Cameron
94%
FranceFrançois Hollande
89%
CanadaJustin Trudeau
86%
ChinaXi Jinping
72%
JapanShinzō Abe
67%
BrazilDilma Rousseff
64%
IndiaNarendra Modi
53%
AustraliaMalcolm Turnbull
50%
European UnionDonald Tusk / Jean-Claude Juncker
47%
MexicoEnrique Peña Nieto
47%
South AfricaJacob Zuma
44%
ArgentinaMauricio Macri
44%
South KoreaPark Geun-hye
44%
ItalyMatteo Renzi
42%
Saudi ArabiaSalman
39%
IndonesiaJoko Widodo
33%
TurkeyAhmet Davutoğlu
11%

Score Distribution

Percentile by Number Answered

Percent of People with Each Score

Your Score History

You have not taken this quiz